000 00518nam a2200169Ia 4500
003 GCL
008 140319s9999 xx 000 0 ara d
040 _aGCL /
_cGCL
082 0 4 _a923.2
_bر ن
100 1 _aرفعت السعيد
245 1 0 _aنيقولا حداد (هدية من الاديب عبدالفتاح الجمل) /
_cرفعت السعيد
300 _a111 ص
490 _aطلائع الفكر الاشتراكى
_v0
650 0 4 _aالتراجم
650 0 4 _aنيقولا حداد
942 _2ddc
_cBK
999 _c47308
_d47308